[Event "Iki Burul Dawn"]
[Site "Iki Burul"]
[Date "2009.06.27"]
[Round "8"]
[White "Khudinov, Mergen"]
[Black "Kubatko, Ivan"]
[Result "0-1"]
[WhiteElo "1996"]
[BlackElo "2119"]
[PlyCount "60"]
[EventDate "2009.06.24"]
[EventType "tourn"]
[EventRounds "9"]
[EventCountry "RUS"]
[SourceTitle "EXT 2022"]
[Source "ChessBase"]
[SourceDate "2021.10.06"]
[SourceVersion "1"]
[SourceVersionDate "2021.10.06"]
[SourceQuality "1"]

1. d4 d5 2. Nf3 e6 3. c4 c6 4. Nc3 dxc4 5. a4 Bb4 6. g3 b5 7. Bg2 Bb7 8. 0-0 a6 9. e4 Nf6 10. e5 Nd5 11. Nxd5 cxd5 12. Ng5 Qc7 13. axb5 axb5 14. Rxa8 Bxa8 15. f4 Nc6 16. Be3 g6 17. g4 h6 18. Nf3 Ne7 19. Nh4 Bb7 20. f5 g5 21. fxe6 fxe6 22. Nf5 Rh7 23. Ng3 Ng8 24. Nh5 Rf7 25. Qa1 Rxf1+ 26. Bxf1 Ba5 27. Bg2 Bb6 28. Qc1 Qh7 29. h3 Qd3 30. Bf1 Qh7 0-1

[Event "Nevinnomyssk 2B"]
[Site "Nevinnomyssk"]
[Date "2009.02.26"]
[Round "8"]
[White "Khudinov, Mergen"]
[Black "Lezhepekova, Veronika"]
[Result "0-1"]
[WhiteElo "2061"]
[BlackElo "1917"]
[PlyCount "62"]
[EventDate "2009.02.21"]
[EventType "tourn"]
[EventRounds "10"]
[EventCountry "RUS"]
[SourceTitle "EXT 2022"]
[Source "ChessBase"]
[SourceDate "2021.10.06"]
[SourceVersion "1"]
[SourceVersionDate "2021.10.06"]
[SourceQuality "1"]

1. d4 e6 2. c4 Nf6 3. Nc3 d5 4. Nf3 Be7 5. Bf4 0-0 6. e3 c6 7. a3 a5 8. Rc1 Nbd7 9. c5 Nh5 10. Bg3 Nxg3 11. hxg3 Qc7 12. Bd3 h6 13. Bb1 e5 14. b4 axb4 15. axb4 e4 16. Nd2 b6 17. Nb3 Ba6 18. Nxe4 dxe4 19. Bxe4 bxc5 20. bxc5 Nf6 21. Bb1 Qd7 22. e4 Qe6 23. e5 Rfb8 24. Nd2 Rb2 25. f4 Qd5 26. Qf3 Qxd4 27. Rd1 Bxc5 28. exf6 Re8+ 29. Be4 Rxe4+ 30. Nxe4 Qxe4+ 31. Qxe4 Bf2# 0-1